| 000 | 02023nam0a2200313 i 4500 | ||
|---|---|---|---|
| 001 | RU\NLR\bibl\1959392 | ||
| 005 | 20240921151244.0 | ||
| 010 |
_a9785918730386 _9100 |
||
| 021 |
_aRU _b2012-74566 _95521 |
||
| 035 | _a(NLR Aleph) 001948425 | ||
| 090 |
_a3661625 _c3661625 |
||
| 100 | _a20121023d2012 u y0rusy50 ca | ||
| 101 | 0 | _arus | |
| 102 | _aRU | ||
| 105 | _ay ||||||||| | ||
| 200 | 1 |
_aСтатистика коммерческой деятельности _eучебное пособие для специальностей: 080105 - Финансы и кредит, 080109 - Бухгалтерский учет, анализ и аудит, 080102 - Мировая экономика, 080507 - Менеджмент организации, 080301 - Коммерция (торговое дело), 080401 - Товароведение и экспертиза товаров, 080502 - Экономика и управление на предприятии (по отраслям) _fС.В. Климова _gМ-во образования и науки Рос. Федерации, Федерал. гос. бюджет. образоват. учреждение высш. проф. образования "Рос. гос. торг.-экон. ун-т", Ивановский фил. |
|
| 210 |
_aИваново _cНаучная мысль _d2012 |
||
| 215 |
_a99 с. _d20 |
||
| 225 | 1 | _aБиблиотека Ивановского филиала РГТЭУ | |
| 320 | _aБиблиогр.: с. 98 (4 назв.) | ||
| 606 | 1 |
_aКоммерческая деятельность _jУчебные издания для высших учебных заведений _xСтатистический учет _92094224 _3RU\NLR\auth\661267255 |
|
| 686 | _aУ051.9(2)421я73 | ||
| 686 | _aУ42(2)1-05я73 | ||
| 700 | 1 |
_aКлимова _bС. В. _gСнежана Владимировна _4070 |
|
| 801 | 0 |
_aRU _bNLR _c20121023 _gRCR |
|
| 801 | 1 |
_aRU _bNLR _c20121023 |
|
| 942 | _cBOOK | ||
| 980 | _aNBR | ||